Základy videotechniky pre pracovníkov VTEI

Saved in:
Bibliographic Details
Main Author: Křečan, Zdeněk
Format: Book
Language:Slovak
Published: Bratislava Slovenská technická knižnica 1988
Edition:1. vyd.
Tags: Add Tag
No Tags, Be the first to tag this record!

MARC

LEADER 00000nam a2200000 4500
001 c035673
005 20221219093517.0
041 0 |a slo 
044 |a SK 
245 1 0 |a Základy videotechniky pre pracovníkov VTEI  |c Zdeněk Křečan 
250 |a 1. vyd. 
264 1 |a Bratislava  |b Slovenská technická knižnica  |c 1988 
300 |a 97 s. 
100 1 |a Křečan, Zdeněk